书目信息 |
| 题名: |
面向可持续发展的绿色建筑设计研究
|
|
| 作者: | 王燕飞 著 | |
| 分册: | ||
| 出版信息: | 北京 中国原子能出版社 2018 |
|
| 页数: | 246页 | |
| 开本: | 24cm | |
| 丛书名: | ||
| 单 册: | ||
| 中图分类: | TU201.5 | |
| 科图分类: | ||
| 主题词: | 生态建筑--sheng tai jian zhu--建筑设计--研究 | |
| 电子资源: | ||
| ISBN: | 978-7-5022-8722-1 | |
| 000 | 01165nam0 2200253 450 | |
| 001 | 012001003064 | |
| 005 | 20120101001507.0 | |
| 010 | @a978-7-5022-8722-1@dCNY55.00 | |
| 099 | @aCAL 012018086333 | |
| 100 | @a20180518d2018 em y0chiy50 ea | |
| 101 | 0 | @achi |
| 102 | @aCN@b110000 | |
| 105 | @aak a 000yy | |
| 106 | @ar | |
| 200 | 1 | @a面向可持续发展的绿色建筑设计研究@Amian xiang ke chi xu fa zhan de lu^ se jian zhu she ji yan jiu@f王燕飞著 |
| 210 | @a北京@c中国原子能出版社@d2018 | |
| 215 | @a246页@c图@d24cm | |
| 320 | @a有书目 (第245-246页) | |
| 330 | @a本书基于可持续发展的理念研究绿色建筑设计,旨在切实推进建筑节能工作。全书内容包括绪论、绿色建筑设计的基本理论、绿色建筑设计的评价标准、绿色建筑设计的技术支持、绿色建筑设计的材料选择、绿色建筑设计的设施设备选型、不同建筑类型绿色建筑的设计规则、不同气候区域绿色建筑的设计规则、绿色建筑设计的社会共识和政策扶持。全书内容广泛,深入浅出,并兼顾了学科前沿,希望为降低建筑能耗与提高居住舒适度做出贡献。 | |
| 606 | 0 | @a生态建筑@Asheng tai jian zhu@x建筑设计@x研究 |
| 690 | @aTU201.5@v5 | |
| 701 | 0 | @a王燕飞@Awang yan fei@4著 |
| 801 | 2 | @aCN@b北京卓展@c20191020 |
| 905 | @b1210265-8@dTU201.5@e1540@f4 | |
| 面向可持续发展的绿色建筑设计研究/王燕飞著.-北京:中国原子能出版社,2018 |
| 246页:图;24cm |
| ISBN 978-7-5022-8722-1:CNY55.00 |
| 本书基于可持续发展的理念研究绿色建筑设计,旨在切实推进建筑节能工作。全书内容包括绪论、绿色建筑设计的基本理论、绿色建筑设计的评价标准、绿色建筑设计的技术支持、绿色建筑设计的材料选择、绿色建筑设计的设施设备选型、不同建筑类型绿色建筑的设计规则、不同气候区域绿色建筑的设计规则、绿色建筑设计的社会共识和政策扶持。全书内容广泛,深入浅出,并兼顾了学科前沿,希望为降低建筑能耗与提高居住舒适度做出贡献。 |
| ● |
| 相关链接 |
|
|
|
|
正题名:面向可持续发展的绿色建筑设计研究
索取号:TU201.5/1540
 
预约/预借
| 序号 | 登录号 | 条形码 | 馆藏地/架位号 | 状态 | 备注 |
| 1 | 1210265 | 212102650 | 第二样本阅览室/ [索取号:TU201.5/1540] | 在馆 | |
| 2 | 1210266 | 212102669 | 第三借阅区/ [索取号:TU201.5/1540] | 在馆 | |
| 3 | 1210267 | 212102678 | 第三借阅区/ [索取号:TU201.5/1540] | 在馆 | |
| 4 | 1210268 | 212102687 | 第三借阅区/ [索取号:TU201.5/1540] | 在馆 |